000 00591nam a22001697a 4500
003 1
005 20220422143037.0
008 220422b xxu||||| |||| 00| 0 eng d
020 _a978-621-04-0378-7
050 _aPL6055
_b.G355 2020
100 _aComiso-Gallo,Roseta V.
245 _aModyul para sa pagtuturo ng Filipinosa elementarya 1:
_bestruktura at gamit ng wikang Filipino
_cRoseta V. Comiso-Gallo; Restituto M. Mendoza; Rene P.Sultan
260 _aQuezon City:
_bRex Book Store.
_cc2020
300 _a116 pp.
_b25 cm.
_eIncludes index
500 _aTeaching-Filipino
942 _2lcc
_cBK
999 _c364717
_d364717